| 000 | 00895nam a22002415a 4500 | ||
|---|---|---|---|
| 003 | OSt | ||
| 005 | 20170313140307.0 | ||
| 008 | 160922s2014 ua frb 000 0 ara d | ||
| 015 | _a2014 / 27973 | ||
| 020 | _z9789770476239 | ||
| 040 |
_aEG-ScBUE _bara _cEG-ScBUE _dEG-ScBUE |
||
| 082 | 0 | 4 |
_a345.0252 _bش ر ي _222 |
| 100 | 1 | _aشريف، عبد الله سلطان. | |
| 245 | 1 | 2 |
_aالخطر كأساس قانوني للدفاع الشرعي : _bدراسة مقارنة / _cعبد الله سلطان الشريف. |
| 260 |
_aالقاهرة : _bدار النهضه العربية، _c2014. |
||
| 300 |
_a222 ص. ؛ _c24 سم. |
||
| 504 | _aيشتمل على إرجاعات ببليوجرافية. | ||
| 650 | 7 |
_2BUEsh _aالدفاع عن النفس. |
|
| 650 | 7 |
_2BUEsh _aجرائم الاعتداء على الأشخاص. |
|
| 651 | _2BUEsh | ||
| 653 |
_bLLAAWW _cMarch2017 |
||
| 942 | _2ddc | ||
| 999 |
_c24407 _d24379 |
||